[Event "Niedersachsen-ch op C"]
[Site "Verden"]
[Date "2018.01.06"]
[Round "5"]
[White "Wolterink, Jule"]
[Black "Schlie, Johann"]
[Result "1-0"]
[WhiteElo "1347"]
[BlackElo "1335"]
[PlyCount "78"]
[EventDate "2018.01.04"]
[EventType "swiss"]
[EventRounds "7"]
[EventCountry "GER"]
[SourceTitle "EXT 2022"]
[Source "ChessBase"]
[SourceDate "2021.10.06"]
[SourceVersion "1"]
[SourceVersionDate "2021.10.06"]
[SourceQuality "1"]

1. d4 d5 2. Bf4 e6 3. e3 f5 4. Nd2 Nf6 5. Ngf3 Be7 6. c3 0-0 7. Be2 c6 8. Qc2 Nbd7 9. h3 Ne4 10. g4 Bh4 11. Nxe4 fxe4 12. Nxh4 Qxh4 13. Bg3 Qf6 14. 0-0-0 e5 15. h4 exd4 16. exd4 b5 17. g5 Qe7 18. Qd2 a5 19. h5 b4 20. c4 Ba6 21. g6 h6 22. c5 Bxe2 23. Qxe2 Qg5+ 24. Kb1 a4 25. Rdf1 a3 26. b3 Qf6 27. Bd6 Rfe8 28. Qd2 Qf5 29. Qf4 Qe6 30. Re1 Qf6 31. Qe3 Re6 32. Reg1 Qf5 33. Rh4 Rae8 34. Rgg4 Qf3 35. Kc2 Qxe3 36. fxe3 Rf6 37. Rf4 Rxf4 38. Rxf4 Re6 39. Rf7 Nf6 1-0

[Event "Niedersachsen-ch op C"]
[Site "Verden"]
[Date "2018.01.05"]
[Round "3"]
[White "Lambrecht, Harald"]
[Black "Schlie, Johann"]
[Result "1/2-1/2"]
[WhiteElo "1230"]
[BlackElo "1335"]
[PlyCount "62"]
[EventDate "2018.01.04"]
[EventType "swiss"]
[EventRounds "7"]
[EventCountry "GER"]
[SourceTitle "EXT 2022"]
[Source "ChessBase"]
[SourceDate "2021.10.06"]
[SourceVersion "1"]
[SourceVersionDate "2021.10.06"]
[SourceQuality "1"]

1. d4 d5 2. c4 e6 3. Nc3 f5 4. Nf3 c6 5. e3 Nf6 6. cxd5 exd5 7. Bd3 Be7 8. 0-0 0-0 9. Ne5 Nbd7 10. Bxf5 Nxe5 11. Bxc8 Nf3+ 12. Qxf3 Rxc8 13. Qe2 g5 14. e4 Nxe4 15. Nxe4 dxe4 16. Qxe4 Bf6 17. Be3 Re8 18. Qg4 Rc7 19. Rad1 Rce7 20. Bxg5 Rg7 21. Bxf6 Rxg4 22. Bxd8 Rxd8 23. g3 Rgxd4 24. Rxd4 Rxd4 25. Kg2 Rd2 26. Rb1 Kf7 27. Kf3 Kf6 28. Ke3 Rc2 29. h3 a5 30. f4 b5 31. a3 h6 1/2-1/2

[Event "Niedersachsen-ch op-D"]
[Site "Verden"]
[Date "2017.01.06"]
[Round "4"]
[White "Schlie, Johann"]
[Black "Vianden, Ella"]
[Result "1-0"]
[WhiteElo "1368"]
[BlackElo "920"]
[PlyCount "53"]
[EventDate "2017.01.05"]
[EventType "swiss"]
[EventRounds "7"]
[EventCountry "GER"]
[SourceTitle "CBM 187 Extra"]
[Source "ChessBase"]
[SourceDate "2018.11.04"]
[SourceVersion "1"]
[SourceVersionDate "2018.11.04"]
[SourceQuality "1"]

1. d4 d5 2. Bf4 Nf6 3. Nf3 c5 4. dxc5 e6 5. Nc3 Bxc5 6. e3 a6 7. Bd3 Nh5 8. Bg3 Nxg3 9. hxg3 h6 10. Ne5 0-0 11. Qh5 f6 12. Nf3 Nc6 13. Qg6 Ne5 14. Nxe5 fxe5 15. Rxh6 Qf6 16. Qh7+ Kf7 17. Rxf6+ Kxf6 18. Qg6+ Ke7 19. Qxg7+ Kd8 20. f4 exf4 21. gxf4 Re8 22. Qe5 Bd7 23. 0-0-0 Ke7 24. Nxd5+ Kf7 25. Qf6+ Kg8 26. Rh1 exd5 27. Rh8# 1-0

[Event "GER-ch U10"]
[Site "Willingen"]
[Date "2016.05.18"]
[Round "7.7"]
[White "Schlie, Johann"]
[Black "Gluma, Christian"]
[Result "1/2-1/2"]
[WhiteElo "1322"]
[BlackElo "1468"]
[PlyCount "75"]
[EventDate "2016.05.15"]
[EventType "swiss"]
[EventRounds "11"]
[EventCountry "GER"]
[SourceTitle "CBM 172 Extra"]
[Source "ChessBase"]
[SourceDate "2016.06.21"]
[SourceVersion "1"]
[SourceVersionDate "2016.06.21"]
[SourceQuality "1"]

1. d4 d5 2. Nc3 c5 3. Bf4 Nc6 4. e3 a6 5. Qd2 e6 6. f3 Nf6 7. Nge2 Qb6 8. dxc5 Bxc5 9. Nd1 0-0 10. g4 h6 11. h4 e5 12. Bg3 e4 13. g5 Nh5 14. f4 Be6 15. gxh6 gxh6 16. Rg1 Kh7 17. Bh2 Rg8 18. Nec3 Nf6 19. Na4 Qa7 20. Nxc5 Qxc5 21. Qc3 Qa5 22. Qxa5 Nxa5 23. Nc3 Ng4 24. Rg2 Nxe3 25. Re2 Nxf1 26. Kxf1 f5 27. Kf2 Rg4 28. Bg3 Rag8 29. Rg1 d4 30. Nd1 e3+ 31. Nxe3 dxe3+ 32. Rxe3 Bd5 33. Re5 Rd8 34. Rd1 Rc8 35. Rexd5 Rxc2+ 36. R1d2 Rxd2+ 37. Rxd2 Rg7 38. Rc2 1/2-1/2

[Event "Niedersachsen-ch op-C"]
[Site "Verden"]
[Date "2016.01.05"]
[Round "5"]
[White "Schlie, Johann"]
[Black "Gawollek, Hans"]
[Result "1/2-1/2"]
[WhiteElo "1204"]
[BlackElo "1410"]
[PlyCount "80"]
[EventDate "2016.01.03"]
[EventType "swiss"]
[EventRounds "7"]
[EventCountry "GER"]
[SourceTitle "EXT 2018"]
[Source "ChessBase"]
[SourceDate "2017.10.13"]
[SourceVersion "1"]
[SourceVersionDate "2017.10.13"]
[SourceQuality "1"]

1. d4 d5 2. Nc3 e6 3. Bf4 a6 4. e3 Nf6 5. Bd3 Nc6 6. Nf3 Be7 7. 0-0 Nh5 8. Bg3 Nxg3 9. fxg3 Bf6 10. Nh4 Bxh4 11. gxh4 Qxh4 12. Qf3 f5 13. g3 Qe7 14. Rae1 Bd7 15. g4 g6 16. gxf5 Qg5+ 17. Qg3 Qxg3+ 18. hxg3 gxf5 19. Rf2 0-0-0 20. Ree2 Nb4 21. b3 Nxd3 22. cxd3 Rdg8 23. Rf3 h5 24. Rg2 Rg5 25. e4 b5 26. b4 Bc6 27. e5 Rhg8 28. Kf2 h4 29. Ne2 Rg4 30. Rf4 hxg3+ 31. Rxg3 Be8 32. Rgxg4 fxg4 33. Kg3 Kd7 34. Rxg4 Rxg4+ 35. Kxg4 Bg6 36. Nc1 Bf5+ 37. Kg5 Kc6 38. Kf6 Kb6 39. Ke7 Kc6 40. Kd8 Kb7 1/2-1/2

[Event "Niedersachsen-ch op-C"]
[Site "Verden"]
[Date "2016.01.03"]
[Round "2"]
[White "Wehrhahn, Duncan"]
[Black "Schlie, Johann"]
[Result "1-0"]
[WhiteElo "1470"]
[BlackElo "1204"]
[PlyCount "79"]
[EventDate "2016.01.03"]
[EventType "swiss"]
[EventRounds "7"]
[EventCountry "GER"]
[SourceTitle "EXT 2018"]
[Source "ChessBase"]
[SourceDate "2017.10.13"]
[SourceVersion "1"]
[SourceVersionDate "2017.10.13"]
[SourceQuality "1"]

1. e4 d5 2. exd5 Qxd5 3. Nc3 Qa5 4. d4 Nf6 5. Bd2 Qb6 6. Bb5+ Nc6 7. d5 Ng4 8. Qe2 a6 9. dxc6 axb5 10. cxb7 Qxb7 11. Qxb5+ Qxb5 12. Nxb5 Kd7 13. h3 Nf6 14. Nf3 Rb8 15. a4 c6 16. Nc3 Rxb2 17. a5 Ba6 18. 0-0-0 Rb7 19. Na4 e6 20. Ne5+ Kc7 21. Bf4 Ba3+ 22. Kd2 Bd6 23. Ke1 Rd8 24. Nxf7 Rbb8 25. Bxd6+ Rxd6 26. Rxd6 Ne4 27. Rd4 c5 28. Rd1 Rb4 29. Nb6 Nc3 30. Rd7+ Kc6 31. Kd2 Ne4+ 32. Ke3 Nf6 33. Ne5+ Kb5 34. Rc7 Re4+ 35. Kf3 Rxe5 36. Rb1+ Kxa5 37. Ra7 Rf5+ 38. Kg3 e5 39. Nc4+ Ka4 40. Rxa6# 1-0

[Event "GER-chT U10"]
[Site "Magdeburg"]
[Date "2014.12.27"]
[Round "1.1"]
[White "Brunner, Sophia"]
[Black "Schlie, Johann"]
[Result "1-0"]
[WhiteElo "1500"]
[BlackElo "890"]
[PlyCount "43"]
[EventDate "2014.12.27"]
[EventType "team-swiss"]
[EventRounds "7"]
[EventCountry "GER"]
[SourceTitle "EXT 2016"]
[Source "ChessBase"]
[SourceDate "2015.10.08"]
[SourceVersion "1"]
[SourceVersionDate "2015.10.08"]
[SourceQuality "1"]
[WhiteTeam "Hagen"]
[BlackTeam "Hagen II"]
[WhiteTeamCountry "GER"]
[BlackTeamCountry "GER"]

1. e4 e5 2. Nf3 Nc6 3. d4 f6 4. d5 Na5 5. a3 b6 6. Nc3 Bc5 7. b4 Nb3 8. cxb3 Bd6 9. Be3 Ne7 10. Bc4 c6 11. Rc1 Bb7 12. 0-0 f5 13. Bg5 a6 14. Bxe7 Qxe7 15. exf5 Rc8 16. dxc6 dxc6 17. Ne4 Rd8 18. Nxd6+ Rxd6 19. Qe2 b5 20. Be6 g6 21. Qxe5 gxf5 22. Qxh8+ 1-0